000 00401nam a22001697a 4500
003 OSt
005 20220204104155.0
008 220204b |||||||| |||| 00| 0 eng d
020 _a0071441646
040 _cHU
082 _a621.815
100 _aShigley E. Joseph
_929722
245 _aStandard Handbook Of Machine Design
250 _a3ed
260 _aNew York
_bNew York
942 _2ddc
_cBOOKS
_n0
999 _c29262
_d29262